000 00531nam a2200181Ia 4500
005 20250326142134.0
008 250326s9999 xx 000 0 und d
037 _aTextbook
040 _aFMSL
_beng
_cFMSL
041 _aeng
_2eng
084 _aT4:3ob(X:9)y8 M5
_qFMSL
100 _aPfeiffer J W
_9741626
245 0 _aReference guide to handbooks and annuals
_cPfeiffer J W
260 _aUSA
_bUSA, University Associate
_c1985
300 _a215p
942 _cTB
_hT4:3ob(X:9)y8 M5
999 _c1293622
_d1293622